| 000 | 03876 a2200397 4500 | ||
|---|---|---|---|
| 005 | 20081112145957.0 | ||
| 008 | 081112t xxu||||| |||| 00| 0 hin d | ||
| 010 | _aB-307302-316 | ||
| 020 |
_a817055960x _c150.00 |
||
| 035 | _aB-307302-316 | ||
| 037 | _bवाणी प्रका./ | ||
| 040 |
_adpl _bhn |
||
| 082 | _aक | ||
| 100 | _aचन्द्रकान्ता | ||
| 245 |
_aबदलते हालात में / _cचन्द्रकान्ता |
||
| 260 |
_aनई दिल्ली _bवाणी प्रकाशन _c2002 |
||
| 270 |
_a21-ए, दरियागंज _bदिल्ली _e110002 |
||
| 300 |
_a128पृ. _c22सेमी (सजिल्द) |
||
| 942 |
_adpl _cHN _kक / चन्द्रका _2ddc _hक _mचन्द्रका |
||
| 999 |
_c12763 _d12763 |
||